The study on the economics efficiency in dry season rice production in sya commune, kandieng district, pursat province, ការសិក្សាពីប្រសិទ្ធភាពសេដ្ឋកិច្ចនៃផលិតកម្មដំណាំស្រូវប្រាំង នៅឃុំ​ស្យា ស្រុកកណ្ដៀង ខេត្តពោធិ៍សាត់ (Record no. 10486)

000 -LEADER
fixed length control field 00713nam a22001337a 4500
040 ## - CATALOGING SOURCE
Transcribing agency RUA
082 ## - DEWEY DECIMAL CLASSIFICATION NUMBER
Classification number AED VAN 2015 B500 Or.1
100 ## - MAIN ENTRY--AUTHOR NAME
Personal name VANH VIBOEUT; វ៉ាញ វីបឿត់
245 ## - TITLE STATEMENT
Title The study on the economics efficiency in dry season rice production in sya commune, kandieng district, pursat province, ការសិក្សាពីប្រសិទ្ធភាពសេដ្ឋកិច្ចនៃផលិតកម្មដំណាំស្រូវប្រាំង នៅឃុំ​ស្យា ស្រុកកណ្ដៀង ខេត្តពោធិ៍សាត់
260 ## - PUBLICATION, DISTRIBUTION, ETC. (IMPRINT)
Place of publication RUA
Name of publisher VAN
Year of publication 2015
300 ## - PHYSICAL DESCRIPTION
Number of Pages xi,61p.
Other physical details ill.
Dimensions 29cm.
856 ## - ELECTRONIC LOCATION AND ACCESS
Uniform Resource Identifier VANH VIBOEUT
942 ## - ADDED ENTRY ELEMENTS (KOHA)
Koha item type LMA
952 ## - LOCATION AND ITEM INFORMATION (KOHA)
Withdrawn status [LOCAL, KOHA] 0
952 ## - LOCATION AND ITEM INFORMATION (KOHA)
Withdrawn status [LOCAL, KOHA] 0
952 ## - LOCATION AND ITEM INFORMATION (KOHA)
Withdrawn status [LOCAL, KOHA] 0
952 ## - LOCATION AND ITEM INFORMATION (KOHA)
Withdrawn status [LOCAL, KOHA] 0
952 ## - LOCATION AND ITEM INFORMATION (KOHA)
Withdrawn status [LOCAL, KOHA] 0
952 ## - LOCATION AND ITEM INFORMATION (KOHA)
Withdrawn status [LOCAL, KOHA] 0
952 ## - LOCATION AND ITEM INFORMATION (KOHA)
Withdrawn status [LOCAL, KOHA] 0
952 ## - LOCATION AND ITEM INFORMATION (KOHA)
Withdrawn status [LOCAL, KOHA] 0
952 ## - LOCATION AND ITEM INFORMATION (KOHA)
Withdrawn status [LOCAL, KOHA] 0
Holdings
Permanent Location Date acquired Koha item type Lost status Shelving location Barcode Current Location Full call number
Library Block B2016-10-25LMA B500A00712Library Block BAED VAN 2015 B500 Or.1
Library Block B2016-10-25LMA B500A00350Library Block BAED VAN 2015 B500 Or.2
Library Block B2016-10-25LMA B500A01315Library Block BAED VAN 2015 B500 Or.3
Library Block B2016-10-25LMA B500A01400Library Block BAED VAN 2015 B500 Or.4
Library Block B2016-10-25LMA B500A00077Library Block BAED VAN 2015 B500 Or.5
Library Block B2016-10-25LMA B500A00096Library Block BAED VAN 2015 B500 Or.6
Library Block B2016-10-25LMA B500A01229Library Block BAED VAN 2015 B500 Or.7
Library Block B2016-10-25LMA  A00678Library Block BAED VAN 2015 B500 Or.8
Library Block B2021-12-08LMA B545a065822Library Block BAED VAN 2015 B545 Or.1
មជ្ឈមណ្ឌលឯការនៃសាកលវិទ្យាល័យភូមិន្ទកសិកម្មចំការដូង

Powered by Koha